00322nam a2200121Ia 4500008004100000041000800041082001200049100003300061245002800094260004700122300002400169365000700193240624s9999 xx 000 0 und d aeng a368 III aINSURANCE INSTITUTE OF INDIA aPRINCIPLES OF INSURANCE c2009aMumbaibInsurance Institute of India a167 : p. : cm. ; 21 cRS